00632nam a2200193Ia 4500008004100000020001400041082001200055100002100067245004600088250000700134260003800141300002500179500001900204600003300223650003400256942000700290952012600297999001500423240925s9999 xx 000 0 und d a471509965 a520 ZEI aMichael , Zeilik 0aConceptual Astronomy: a journey of ideals aNA aNew Delhi:bWiley Easternc,1993. a345p.bNAfPhotocopy aIncludes Index aHumanities & Natural Science aAstronomy and allied sciences cBK 001040708HUMaUITUbUITUd1996-04-27eUIT Fruit Canadag350.00l0o520 ZEIpQ0568r2024-09-25 07:12:08w2024-09-25yBK c3067d3067